La Política de los Estados Unidos frente a la integración continentas /
Furkejuvvon:
| Váldodahkki: | |
|---|---|
| Materiálatiipa: | Texto |
| Fáttát: | |
| Fáddágilkorat: |
Lasit fáddágilkoriid
Eai fáddágilkorat, Lasit vuosttaš fáddágilkora!
|
MARC
| LEADER | 00000 a a2200000 04500 | ||
|---|---|---|---|
| 001 | 3836 | ||
| 003 | |||
| 040 | |||
| 100 | |a Roett, Riordan | ||
| 245 | |a La Política de los Estados Unidos frente a la integración continentas / |c Riordan Roett | ||
| 650 | |a RELACIONES ECONOMICAS | ||
| 650 | |a ASPECTOS POLITICOS | ||
| 650 | |a MOVIMIENTOS OBREROS | ||
| 650 | |a TRABAJO | ||
| 650 | |a DETERIORO AMBIENTAL | ||
| 650 | |a PROTECCION AMBIENTAL | ||
| 773 | |g volumen 18, 3(71); páginas 45-73 | ||
| 999 | |c 29081 |d 29081 | ||
